Normal view
MARC view
Entry Topical Term
001 - CONTROL NUMBER
- control field: 14920
003 - CONTROL NUMBER IDENTIFIER
- control field: ARRUPE
005 - DATE AND TIME OF LATEST TRANSACTION
- control field: 20150209130657.0
008 - FIXED-LENGTH DATA ELEMENTS
- fixed length control field: 150209|| aca||aabn | a|a d
040 ## - CATALOGING SOURCE
- Original cataloging agency: ARRUPE
- Transcribing agency: ARRUPE
150 ## - HEADING--TOPICAL TERM
- Topical term or geographic name as entry element: Missions
- Geographic subdivision: Africa, Central.
670 ## - SOURCE DATA FOUND
- Source citation: Work cat.: (ARRUPE)0: Wilson, George Herbert, 1870- 14919, The history of the Universities' Mission to Central Africa., [1971]